Ceres Varietes Marianne (Record no. 3081)

000 -LEADER
fixed length control field 00432nam a22000977a 4500
008 - FIXED-LENGTH DATA ELEMENTS--GENERAL INFORMATION
fixed length control field 200831b ||||| |||| 00| 0 eng d
100 ## - MAIN ENTRY--AUTHOR'S NAME
Author's Name Francon, Robert
245 ## - TITLE STATEMENT
Title Ceres Varietes Marianne
260 ## - PUBLICATION, DISTRIBUTION, ETC. (IMPRINT)
Place of publication, distribution, etc. Paris
Name of publisher, distributor, etc. Ceres
Date of publication, distribution, etc. 1989
650 ## - TOPICAL TERM (Tag)
Topical term or geographic name France | 20th Century | Marianne Issues | Errors and Varieties Definitive Issues | Commemorative Issues | Overprints and Surcharges | Production | Essays and Proofs | Air Mail | Catalogs and Price Lists
Holdings
Withdrawn status Lost status Source of classification or shelving scheme Damaged status Koha normalized classification for sorting Not for loan Collection code Permanent Location Current Location Shelving location Date acquired Total Checkouts Full call number Barcode Date last seen Copy number Price effective from Koha item type
        G5831 E72 C414   Peter Weisensel Northern Philatelic Library Northern Philatelic Library General Stacks 08/31/2020   G5831 .E72 C414 1005504 08/31/2020 1 08/31/2020 Stamp Catalogs

Powered by Koha